000 00528nam a2200217Ia 4500
003 OSt
005 20220918231840.0
006 a|||||r|||| 00| 0
007 ta
008 220917b |||||||| |||| 00| 0 eng d
024 _a350,548
037 _cTextual
040 _aARTS
_cARTS
_beng
041 _2eng
_aeng
082 _aO111, N9
100 _aNeyer Klaus Au.
_9155852
245 0 _aAhnung and gegenwart
260 _c1999
942 _hO111, N9
_cTEXL
_2CC
999 _c292499
_d292499